| Tag |
First Indicator |
Second Indicator |
Subfields |
| LEADER |
00000cam a2200000 4500 |
| 001 |
in00000035882 |
| 005 |
20151007063534.0 |
| 008 |
720113m19161920enk bi 00010 eng |
| 010 |
|
|
|a 17006900
|
| 035 |
|
|
|a (OCoLC)00217675
|
| 035 |
|
|
|9 AAD7633AM
|
| 040 |
|
|
|a DLC
|c OUN
|d TXA
|d UtOrBLW
|
| 049 |
|
|
|a TXAM
|v 1 [185340]
|v 2 [185341]
|
| 050 |
|
0 |
|a Z2012
|b .B87
|
| 092 |
|
|
|a 821
|b AB877r
|
| 100 |
1 |
|
|a Brown, Carleton,
|d 1869-1941.
|
| 245 |
1 |
2 |
|a A register of Middle English religious & didactic verse /
|c by Carleton Brown ...
|
| 264 |
|
3 |
|a Oxford :
|b Printed for the Bibliographical society at the University press,
|c 1916-20.
|
| 300 |
|
|
|a 2 volumes ;
|c 23 x 19 cm.
|
| 336 |
|
|
|a text
|b txt
|2 rdacontent
|
| 337 |
|
|
|a unmediated
|b n
|2 rdamedia
|
| 338 |
|
|
|a volume
|b nc
|2 rdacarrier
|
| 490 |
0 |
|
|a [Bibliographical society, London. Publications]
|
| 505 |
0 |
|
|a pt. I. List of manuscripts.--pt. II. Index of first lines and Index of subjects and titles.
|
| 650 |
|
0 |
|a English poetry
|y Middle English, 1100-1500
|v Bibliography.
|
| 650 |
|
0 |
|a Religious poetry, English (Middle)
|
| 650 |
|
0 |
|a Didactic poetry, English
|x Bibliography.
|
| 999 |
|
|
|a MARS
|
| 999 |
f |
f |
|s 337caaa3-e947-3731-a6e6-5056b6150e13
|i abdeaee6-c0b5-3655-bd19-d89296af4c57
|t 0
|
| 952 |
f |
f |
|p ric
|a Texas A&M University
|b Rellis Campus
|c Joint Library Facility
|d Remote Storage
|t 0
|e Z2012 .B87
|h Library of Congress classification
|i unmediated -- volume
|k v.1
|m A14801274683
|
| 952 |
f |
f |
|p ric
|a Texas A&M University
|b Rellis Campus
|c Joint Library Facility
|d Remote Storage
|t 0
|e Z2012 .B87
|h Library of Congress classification
|i unmediated -- volume
|k v.2
|m A14801274691
|
| 998 |
f |
f |
|a Z2012 .B87
|s v.1-v.2
|t 0
|l Remote Storage
|